00427nam a2200121Ia 4500008004100000100002500041245007300066245004700139260004900186260000900235650001300244856004800257170221s9999 xx 000 0 und d aGregory G. Kaufinger aFinancial strength as an indicator of gift card breakage recognition cGregory G. Kaufinger, Anderson University. bJournal of Management and Marketing Research c2013 xBusiness uhttp://www.aabri.com/manuscripts/142116.pdf